| 000 | 00534nam a2200181Ia 4500 | ||
|---|---|---|---|
| 003 | GCL | ||
| 008 | 140319s9999 xx 000 0 eng d | ||
| 040 |
_aGCL / _cGCL |
||
| 082 | 0 | 4 |
_a004.16 _bG I |
| 100 | 1 | _aSRIDHAR, S. | |
| 245 | 1 | 0 |
_a0000 TO 8085 INTRODUCTION TO MICROPROCESSORS FOR ENGINEERS AND SCIENTISTS / _cSRIDHAR, S. |
| 700 | 1 | _aGHOSH, P. K. | |
| 700 | 1 | _aSRIDHAR, P R | |
| 260 |
_a[S.N] : _bPRENTICE- HELL INTERNATIONAL, INC. ، _c1995 |
||
| 650 | 0 | 4 | _aشعر الحرب |
| 650 | 0 | 4 | _aMICRO PROCESSORS |
| 942 |
_2ddc _cBK |
||
| 999 |
_c10886 _d10886 |
||